[Event "Bruneck - Richter/LASK"]
[Site "?"]
[Date "2017.01.28"]
[Round "6.3"]
[White "Voltolini, Giuseppe"]
[Black "Peintner, Andreas"]
[Result "1-0"]
[WhiteElo "2182"]
[BlackElo "1933"]
[PlyCount "80"]
[EventDate "2017.01.28"]

1. d4 d5 2. c4 c6 3. Nf3 Nf6 4. Nc3 g6 5. Bf4 a6 6. c5 Bg7 7. e3 Bg4 8. Qb3 Ra7
9. Ne5 O-O 10. h3 Be6 11. Be2 Nbd7 12. Nf3 Ne4 13. O-O Nexc5 14. Qc2 Bf5 15.
Qd1 Ne4 16. g4 Be6 17. Nxe4 dxe4 18. Nd2 Bd5 19. Qc2 e5 20. dxe5 Bxe5 21. Nxe4
Bxe4 22. Qxe4 Bxb2 23. Rad1 Qc8 24. g5 Re8 25. Qb4 Bg7 26. Bg4 b5 27. Rd3 h5
28. gxh6 Bf8 29. Bd6 c5 30. Qf4 f5 31. Qg5 Kh7 32. Bxf5 gxf5 33. Qxf5+ Kh8 34.
Rfd1 Bxh6 35. Qh5 Rg8+ 36. Kf1 Kh7 37. Bf4 Rg6 38. Bxh6 Nf6 39. Qe5 Kxh6 40. e4
Qxh3+ 1-0

[Event "Bruneck - Richter/LASK"]
[Site "?"]
[Date "2017.01.28"]
[Round "6.4"]
[White "Balzarini, Franco"]
[Black "Pangrazzi, Marco"]
[Result "1-0"]
[WhiteElo "1822"]
[BlackElo "2241"]
[PlyCount "75"]
[EventDate "2017.01.28"]

1. d4 d5 2. Nf3 f5 3. e3 Nf6 4. Bd3 e6 5. c4 c6 6. O-O Bd6 7. Nbd2 Qc7 8. b3
O-O 9. Bb2 Nbd7 10. Rc1 Ne4 11. Qc2 Ndf6 12. Ne5 Nxd2 13. Qxd2 Bd7 14. Qc2 Rad8
15. a3 Be8 16. b4 a6 17. Qb3 Qb8 18. a4 Bxe5 19. dxe5 Ng4 20. Qc3 Bd7 21. Qd4
b5 22. cxb5 axb5 23. a5 Qb7 24. Rc5 Nh6 25. Qf4 Nf7 26. h4 Nh8 27. h5 Be8 28.
Be2 Ra8 29. Rfc1 Qe7 30. Qg3 Nf7 31. f4 Nd8 32. Qe1 Rf7 33. R5c2 Qb7 34. Bd4
Ra6 35. Bc5 Rd7 36. Qh4 Qa8 37. h6 Nb7 38. Bb6 1-0

[Event "Bruneck - Richter/LASK"]
[Site "?"]
[Date "2017.01.28"]
[Round "6.6"]
[White "Niederkofler, Andreas"]
[Black "Bevilacqua, Maurizio"]
[Result "0-1"]
[WhiteElo "1780"]
[BlackElo "2019"]
[PlyCount "62"]
[EventDate "2017.01.28"]

1. Nf3 Nf6 2. c4 c5 3. g3 b6 4. Bg2 Bb7 5. O-O e6 6. b3 Be7 7. Bb2 d6 8. Nc3
O-O 9. d4 cxd4 10. Qxd4 a6 11. Rfd1 Nbd7 12. Rac1 Qc7 13. Ng5 Bxg2 14. Kxg2
Qb7+ 15. Kg1 Rfd8 16. Nge4 Nc5 17. Nxf6+ Bxf6 18. Qe3 b5 19. b4 Nd7 20. cxb5 d5
21. bxa6 Qxb4 22. Qd2 Nb6 23. Ba1 Nc4 24. Qd3 Ne5 25. Qb5 Qg4 26. Na4 Rdb8 27.
Qa5 Nc4 28. Rxc4 Qxc4 29. Bxf6 Rxa6 30. Nb2 Rxa5 31. Nxc4 dxc4 0-1

[Event "Bruneck - Richter/LASK"]
[Site "?"]
[Date "2017.01.28"]
[Round "6.1"]
[White "De Eccher, Stefano"]
[Black "Luciani, Valerio"]
[Result "1-0"]
[WhiteElo "2172"]
[BlackElo "2178"]
[PlyCount "49"]
[EventDate "2017.01.28"]

1. e4 e6 2. d4 d5 3. Nc3 Bb4 4. a3 Bxc3+ 5. bxc3 dxe4 6. Qg4 Nf6 7. Qxg7 Rg8 8.
Qh6 Nbd7 9. Ne2 b6 10. Ng3 Bb7 11. Be2 Qe7 12. a4 Qf8 13. Qh4 Qg7 14. O-O O-O-O
15. a5 Qg6 16. axb6 axb6 17. c4 c5 18. c3 e5 19. Be3 Kc7 20. dxe5 Nxe5 21. Bf4
Rge8 22. f3 Ra8 23. Rxa8 Bxa8 24. fxe4 Nfd7 25. Bh5 1-0

[Event "Bruneck - Richter/LASK"]
[Site "?"]
[Date "2017.01.28"]
[Round "6.2"]
[White "Moling, Patrick"]
[Black "Moncher, Stefano"]
[Result "0-1"]
[WhiteElo "2077"]
[BlackElo "2171"]
[PlyCount "86"]
[EventDate "2017.01.28"]

1. c4 g6 2. Nc3 Bg7 3. g3 d6 4. Bg2 Nf6 5. Nf3 O-O 6. O-O Nc6 7. d3 e5 8. Rb1
Nh5 9. b4 f5 10. Qb3 h6 11. c5+ Kh7 12. b5 Ne7 13. cxd6 cxd6 14. Ba3 Rf6 15. e4
f4 16. Nd5 Nxd5 17. Qxd5 Qb6 18. d4 fxg3 19. fxg3 Be6 20. Qxd6 Bxa2 21. Qxb6
axb6 22. Bb2 Bxb1 23. Rxb1 exd4 24. e5 Rxf3 25. Bxf3 Bxe5 26. Bxb7 Ra7 27. Bc6
Ng7 28. g4 Ra4 29. Re1 Bd6 30. Kf1 Bc5 31. Bd5 Rb4 32. Re2 Rxb5 33. Rd2 Ba3 34.
Bxa3 Rxd5 35. Ke2 Ne6 36. Kd3 Kg7 37. Ke4 Ra5 38. Bd6 Nc5+ 39. Kf3 Ra3+ 40. Kf4
d3 41. Ke3 Kf7 42. Rb2 d2+ 43. Ke2 d1=Q+ 0-1

[Event "Bruneck - Richter/LASK"]
[Site "?"]
[Date "2017.01.28"]
[Round "6.5"]
[White "Billio, Atto"]
[Black "Lang, Guenther"]
[Result "1-0"]
[WhiteElo "2010"]
[BlackElo "1692"]
[PlyCount "108"]
[EventDate "2017.01.28"]

1. c4 f5 2. g3 Nf6 3. Bg2 g6 4. d4 Bg7 5. Nh3 d6 6. Nc3 c6 7. d5 O-O 8. Nf4 e5
9. dxe6 g5 10. Nd3 h6 11. h4 Ng4 12. hxg5 hxg5 13. Rh5 Bf6 14. f3 Ne5 15. Nxe5
dxe5 16. Qxd8 Bxd8 17. e7 Bxe7 18. Bxg5 Bb4 19. Bd2 Be6 20. O-O-O Nd7 21. b3
Rf7 22. Rdh1 Nf8 23. Rh8+ Kg7 24. Kc2 a5 25. Bc1 Rd8 26. Bb2 Bc5 27. R1h7+ Nxh7
28. Rxd8 Bb6 29. Re8 Kf6 30. f4 Bc7 31. Na4 Re7 32. fxe5+ Kf7 33. Rxe7+ Kxe7
34. Nc5 Bc8 35. Nd3 Ng5 36. Kd2 Ne4+ 37. Bxe4 fxe4 38. Nf4 Bb6 39. Ba3+ Kf7 40.
c5 Bc7 41. Bb2 Bf5 42. Ke3 Ke7 43. Nh5 Bg6 44. g4 Kf7 45. Kf4 Bd8 46. Ng3 b5
47. cxb6 Bxb6 48. Nxe4 Ke6 49. Ng5+ Ke7 50. Ba3+ c5 51. Ne4 Ke6 52. Bxc5 Bc7
53. Bd6 Bd8 54. Nc5+ Kd5 1-0

[Event "Groeden - Naturns"]
[Site "?"]
[Date "2017.01.28"]
[Round "6.1"]
[White "La Manna, Andrea"]
[Black "Seresin, Francesco"]
[Result "0-1"]
[WhiteElo "2157"]
[BlackElo "2102"]
[PlyCount "114"]
[EventDate "2017.01.28"]

1. d4 Nf6 2. c4 g6 3. Nc3 d5 4. cxd5 Nxd5 5. e4 Nxc3 6. bxc3 Bg7 7. Qa4+ Nd7 8.
Nf3 O-O 9. Be2 c5 10. Bb2 a6 11. O-O b5 12. Qc2 Bb7 13. Bd3 e5 14. d5 c4 15.
Be2 f5 16. Rad1 Qe7 17. Bc1 h6 18. Rfe1 Rad8 19. a4 Kh7 20. axb5 axb5 21. Bf1
fxe4 22. Qxe4 Nf6 23. Qh4 Rxd5 24. Rxd5 Nxd5 25. Qxe7 Nxe7 26. Nxe5 Nd5 27.
Nxc4 bxc4 28. Bxc4 Rc8 29. Bxd5 Bxd5 30. Bd2 Rc4 31. h3 Bxc3 32. Re7+ Bg7 33.
Be3 Kg8 34. Rd7 Be6 35. Rd6 Kf7 36. Rd1 Ra4 37. Kh2 Rb4 38. Kg1 Rb7 39. Kh2 h5
40. Rc1 Be5+ 41. Kg1 Bf5 42. Kh1 Ke6 43. Rd1 Be4 44. Kg1 Kf5 45. Re1 Rb1 46.
Rxb1 Bxb1 47. Kf1 Bd3+ 48. Kg1 Ke4 49. Bg5 Kf5 50. Be3 Ke4 51. Bg5 Bd4 52. Bd8
Bc4 53. Bh4 Kd3 54. Kh2 Ke2 55. f3 Be5+ 56. Kg1 Bd5 57. Bf2 Bf4 0-1

[Event "Groeden - Naturns"]
[Site "?"]
[Date "2017.01.28"]
[Round "6.2"]
[White "Moroder, Stephan"]
[Black "Teutsch, Alexander"]
[Result "1-0"]
[WhiteElo "2153"]
[BlackElo "2045"]
[PlyCount "61"]
[EventDate "2017.01.28"]

1. e4 d5 2. exd5 Nf6 3. Nf3 Nxd5 4. d4 g6 5. c4 Nb6 6. Nc3 Bg7 7. c5 Nd5 8. Bc4
c6 9. Qb3 O-O 10. O-O Be6 11. Ng5 b5 12. cxb6 axb6 13. Nxe6 fxe6 14. Be3 Nd7
15. Rad1 N7f6 16. h3 Qd7 17. Rfe1 b5 18. Bd3 Qa7 19. Bb1 Kh8 20. Ne2 Nh5 21.
Qc2 Rac8 22. Qe4 Nxe3 23. fxe3 e5 24. dxe5 Qc5 25. g4 Bxe5 26. b4 Bh2+ 27. Kxh2
Qg5 28. Rf1 Nf6 29. Qf4 Qh4 30. g5 Qh5 31. Ng3 1-0

[Event "Groeden - Naturns"]
[Site "?"]
[Date "2017.01.28"]
[Round "6.3"]
[White "Unterthurner, Hans"]
[Black "Demetz, Rainer"]
[Result "0-1"]
[WhiteElo "1937"]
[BlackElo "2173"]
[PlyCount "108"]
[EventDate "2017.01.28"]

1. e4 e5 2. Nf3 d6 3. Bc4 Nf6 4. O-O Be7 5. d3 O-O 6. Re1 Nbd7 7. Nbd2 c6 8. c3
d5 9. Bb3 dxe4 10. dxe4 Qc7 11. Nf1 Nc5 12. Bc2 Rd8 13. Qe2 b6 14. b3 Ba6 15.
c4 Ne6 16. g3 Nd7 17. Bb2 Bf6 18. Ne3 g6 19. Rad1 Bg7 20. Ng4 h5 21. Ne3 Ndf8
22. Ng2 Bb7 23. Bb1 Nd4 24. Nxd4 exd4 25. Nf4 Rd7 26. Bd3 Re8 27. Qc2 Be5 28.
Bc1 Qd6 29. Bf1 Bg7 30. f3 h4 31. Bh3 Rde7 32. c5 bxc5 33. Ba3 hxg3 34. hxg3
Re5 35. Rc1 Rg5 36. Kf2 d3 37. Qxd3 Bd4+ 38. Re3 Bxe3+ 39. Qxe3 Rd8 40. Bxc5
Qd2+ 41. Ne2 Rh5 42. Bf1 Ne6 43. Bxa7 Qxa2 44. g4 Rb5 45. Rc3 g5 46. Bc5 Rd1
47. b4 Ba6 48. Ra3 Qb1 49. Rxa6 Rxf1+ 50. Kg2 Rh1 51. Ng1 Rh4 52. Bd6 Rxb4 53.
Bxb4 Nf4+ 54. Kg3 Qf1 0-1

[Event "Groeden - Naturns"]
[Site "?"]
[Date "2017.01.28"]
[Round "6.4"]
[White "Bernardi, Ruben"]
[Black "Gurschler, Thomas"]
[Result "1/2-1/2"]
[WhiteElo "2135"]
[BlackElo "1822"]
[PlyCount "87"]
[EventDate "2017.01.28"]

1. e4 g6 2. d4 Bg7 3. Nc3 c6 4. Nf3 d5 5. h3 Nf6 6. e5 Ne4 7. Nxe4 dxe4 8. Ng5
c5 9. d5 Bxe5 10. Bb5+ Bd7 11. Bxd7+ Nxd7 12. Nxe4 O-O 13. c4 Bg7 14. O-O b6
15. Qe2 Re8 16. Rd1 Nf6 17. Nc3 Qd7 18. Bf4 a6 19. Qf3 Qb7 20. a4 Rad8 21. Rd2
Rd7 22. Re1 Red8 23. Rde2 Kf8 24. g4 h6 25. Qe3 g5 26. Bg3 b5 27. axb5 axb5 28.
Qxc5 bxc4 29. Be5 Nxd5 30. Bxg7+ Kxg7 31. Nxd5 Qxd5 32. Qxd5 Rxd5 33. Rxe7 Rd1
34. Kf1 Rxe1+ 35. Kxe1 Rd3 36. Rc7 Rb3 37. Rxc4 Rxb2 38. Kf1 Kg6 39. Kg2 Ra2
40. Kg3 Rb2 41. f3 Rb3 42. Rc5 Ra3 43. Rc1 Rb3 44. Rc7 1/2-1/2

[Event "Groeden - Naturns"]
[Site "?"]
[Date "2017.01.28"]
[Round "6.5"]
[White "Naegele, Norbert"]
[Black "Moroder, Thomas"]
[Result "0-1"]
[WhiteElo "1856"]
[BlackElo "1982"]
[PlyCount "112"]
[EventDate "2017.01.28"]

1. e4 c5 2. Nf3 d6 3. d4 cxd4 4. Nxd4 Nf6 5. Nc3 a6 6. Bc4 e6 7. O-O Be7 8. Bb3
O-O 9. f4 Qc7 10. f5 e5 11. Nf3 Nbd7 12. Bg5 h6 13. Bh4 Nb6 14. Qe2 Bd7 15.
Rad1 Rac8 16. Kh1 Bc6 17. Rg1 Nbd7 18. g4 Nc5 19. Bxf6 Bxf6 20. g5 hxg5 21.
Nxg5 Nxb3 22. axb3 b5 23. Qh5 Bxg5 24. Qxg5 f6 25. Qg6 Rf7 26. Qg2 b4 27. Nd5
Bxd5 28. Rxd5 Qxc2 29. Rxd6 Qxg2+ 30. Rxg2 Rc1+ 31. Rg1 Rc2 32. Rd8+ Rf8 33.
Rxf8+ Kxf8 34. Rg2 Rc1+ 35. Rg1 Rc5 36. h3 a5 37. Kh2 Rc6 38. Rg2 Rd6 39. Rg3
Rd4 40. Rg4 Rd7 41. Rg2 Ke8 42. Rg1 Kd8 43. Rg2 Kc7 44. Kg3 Rd4 45. Kf2 Rxe4
46. Rxg7+ Kc6 47. Rg3 Rd4 48. Ke3 Rf4 49. Rf3 Rh4 50. Ke2 e4 51. Rg3 Kd5 52.
Rg8 Rxh3 53. Ra8 Rxb3 54. Rxa5+ Kd4 55. Ra6 Rxb2+ 56. Kd1 Ke5 0-1

[Event "Groeden - Naturns"]
[Site "?"]
[Date "2017.01.28"]
[Round "6.6"]
[White "Grossi, Christian"]
[Black "Gurschler, Gregor"]
[Result "1-0"]
[WhiteElo "1761"]
[BlackElo "1831"]
[PlyCount "77"]
[EventDate "2017.01.28"]

1. d4 d6 2. c4 e5 3. dxe5 dxe5 4. Qxd8+ Kxd8 5. Nc3 Be6 6. b3 c6 7. e3 Nd7 8.
Nf3 f6 9. Be2 a5 10. Bb2 Kc7 11. h3 Ne7 12. O-O-O Nc8 13. g4 Ncb6 14. Ne4 a4
15. Nfd2 axb3 16. axb3 Be7 17. f4 Ra2 18. Bd3 exf4 19. Bb1 Raa8 20. exf4 Nc5
21. g5 Nxe4 22. Nxe4 Nd7 23. Rhe1 Bb4 24. Re3 Ba3 25. gxf6 gxf6 26. Nxf6 Bxb2+
27. Kxb2 Bxh3 28. Nxd7 Bxd7 29. Re7 Rad8 30. Bf5 Rhf8 31. Rexd7+ Rxd7 32. Rxd7+
Kb6 33. Bxh7 Rxf4 34. Kc3 c5 35. Bg8 Ka6 36. Bd5 b5 37. Rd6+ Ka5 38. cxb5 Kxb5
39. Bc4+ 1-0

[Event "Gries - Arci"]
[Site "?"]
[Date "2017.01.30"]
[Round "6.3"]
[White "Reyna Hernandez, Sandor"]
[Black "Niederstaetter, Harald"]
[Result "0-1"]
[WhiteElo "1865"]
[BlackElo "1936"]
[PlyCount "102"]
[EventDate "2017.01.28"]

1. c4 e5 2. Nc3 d6 3. Nf3 Be7 4. d4 Nd7 5. e4 Ngf6 6. Be2 O-O 7. O-O c6 8. Rb1
a6 9. b4 b5 10. dxe5 Nxe5 11. Nxe5 dxe5 12. c5 a5 13. a3 Be6 14. Qc2 Qc7 15.
Rd1 Rfd8 16. Rf1 Nd7 17. Nd1 h6 18. Ne3 g6 19. Bg4 Nf8 20. Bb2 Bg5 21. Qe2 Bxe3
22. Bxe6 Bd4 23. Bb3 Bxb2 24. Rxb2 Rd4 25. f4 axb4 26. axb4 exf4 27. Qf2 Rxe4
28. Qh4 Qe5 29. Rbb1 Kg7 30. Bc2 Rc4 31. Bd1 Rxb4 32. Rxb4 Qxc5+ 33. Kh1 Qxb4
34. Rxf4 Qd6 35. Rd4 Qf6 36. Qxf6+ Kxf6 37. Rd6+ Ke5 38. Rd2 Ne6 39. Kg1 Rd8
40. Re2+ Kd4 41. Kf2 c5 42. Bc2 c4 43. Bxg6 Nf4 44. Rd2+ Nd3+ 45. Bxd3 cxd3 46.
Ke1 Re8+ 47. Kf1 Kc3 48. Ra2 d2 49. Ra1 Re1+ 50. Rxe1 dxe1=Q+ 51. Kxe1 Kc2 0-1

[Event "Deutschnofen - SK Ehrenburg"]
[Site "?"]
[Date "2017.01.28"]
[Round "6.4"]
[White "Tonina, Filippo"]
[Black "Babinetz, Rainer"]
[Result "0-1"]
[WhiteElo "1980"]
[BlackElo "1967"]
[PlyCount "70"]
[EventDate "2016.11.05"]

1. d4 d5 2. c4 e5 3. dxe5 d4 4. Nf3 Nc6 5. a3 Be6 6. e3 dxe3 7. Qxd8+ Kxd8 8.
Bxe3 Nge7 9. Nd4 Nxe5 10. Nxe6+ fxe6 11. Be2 Nf5 12. Bf4 Ng6 13. Bg5+ Be7 14.
Bxe7+ Kxe7 15. Nc3 Nf4 16. g3 Nxe2 17. Nxe2 Rad8 18. Rd1 Rxd1+ 19. Kxd1 Rd8+
20. Kc1 Rd3 21. Re1 Rf3 22. g4 Nd6 23. Nd4 Rxf2 24. Nxe6 Nxc4 25. Nxc7+ Kd7 26.
Ne6 Nxb2 27. Re4 Nd3+ 28. Kb1 g6 29. Ng5 Nc5 30. Re5 Rf1+ 31. Kc2 Kd6 32. Re2
h6 33. Ne4+ Nxe4 34. Rxe4 Rf2+ 35. Kc3 Rxh2 0-1

[Event "Deutschnofen - SK Ehrenburg"]
[Site "?"]
[Date "2017.01.28"]
[Round "6.1"]
[White "Gatterer, Florian"]
[Black "Manca, Federico"]
[Result "0-1"]
[WhiteElo "2274"]
[BlackElo "2387"]
[PlyCount "93"]
[EventDate "2016.11.05"]

1. c4 e6 2. Nf3 d5 3. e3 c5 4. cxd5 exd5 5. d4 Nc6 6. Nc3 Nf6 7. Bb5 Bd6 8.
dxc5 Bxc5 9. O-O O-O 10. Nd4 Qd6 11. Nxc6 bxc6 12. Be2 Bb6 13. b3 h5 14. Bf3
Re8 15. Na4 Bc7 16. g3 h4 17. e4 dxe4 18. Qxd6 Bxd6 19. Be2 Bg4 20. Bxg4 Nxg4
21. h3 Ne5 22. Kg2 hxg3 23. fxg3 Nd3 24. Be3 g6 25. Rad1 Be5 26. Rd2 Rad8 27.
Re2 Bd4 28. Bxd4 Rxd4 29. Nb2 Nxb2 30. Rxb2 Red8 31. Rff2 f5 32. Rbc2 R8d6 33.
Rfe2 Kf7 34. Kf2 Ke6 35. Rc3 g5 36. Rc5 Rd2 37. Ke1 Rxe2+ 38. Kxe2 Rd3 39.
Rxc6+ Kd5 40. Ra6 Rxg3 41. Ra5+ Kd4 42. b4 Rxh3 43. Rxa7 f4 44. b5 Rh2+ 45. Kd1
Rb2 46. a4 g4 47. Rd7+ 0-1

[Event "Deutschnofen - SK Ehrenburg"]
[Site "?"]
[Date "2017.01.28"]
[Round "6.2"]
[White "Dappiano, Andrea"]
[Black "Hengl, Christian"]
[Result "1-0"]
[WhiteElo "2237"]
[BlackElo "2167"]
[PlyCount "71"]
[EventDate "2016.11.05"]

1. e4 e6 2. d3 d5 3. Nd2 Nf6 4. Ngf3 c5 5. g3 Nc6 6. Bg2 Be7 7. O-O b6 8. e5
Nd7 9. Re1 Qc7 10. Qe2 Bb7 11. Nf1 h6 12. h4 O-O-O 13. c3 Rdg8 14. h5 g5 15.
hxg6 fxg6 16. d4 g5 17. Be3 h5 18. a3 g4 19. N3h2 c4 20. Nd2 Na5 21. Rf1 Qd8
22. f4 gxf3 23. Rxf3 Rg7 24. Bh3 Qg8 25. Kf2 Nc6 26. Rg1 Nf8 27. Ke1 Nh7 28.
Qf2 Ng5 29. Bxg5 Bxg5 30. Bxe6+ Qxe6 31. Rf8+ Bd8 32. Rxh8 h4 33. gxh4 Rxg1+
34. Qxg1 Nxe5 35. Rxd8+ Kxd8 36. Qg5+ 1-0

[Event "Deutschnofen - SK Ehrenburg"]
[Site "?"]
[Date "2017.01.28"]
[Round "6.3"]
[White "Kapferer, Romed"]
[Black "Micheli, Carlo"]
[Result "0-1"]
[WhiteElo "2100"]
[BlackElo "2240"]
[PlyCount "60"]
[EventDate "2016.11.05"]

1. e4 g6 2. Nc3 Bg7 3. d4 a6 4. Be3 d6 5. Qd2 Nf6 6. f3 Nc6 7. g4 e5 8. d5 Nd4
9. h4 h6 10. g5 Nd7 11. Nd1 Nc5 12. b4 Na4 13. c3 Nb5 14. Qc2 Nb6 15. a4 Na7
16. a5 Nd7 17. c4 c5 18. b5 b6 19. Bd2 Bb7 20. bxa6 Bxa6 21. axb6 Nc8 22. Ba5
Ncxb6 23. Nc3 Qb8 24. Nb5 Bxb5 25. cxb5 O-O 26. Qb2 c4 27. Rh2 Nc5 28. Bc3 Nba4
29. Qb4 Qb6 30. Rf2 Nxc3 0-1

[Event "Deutschnofen - SK Ehrenburg"]
[Site "?"]
[Date "2017.01.28"]
[Round "6.5"]
[White "Mairhofer, Lino"]
[Black "Thurner, Markus"]
[Result "1/2-1/2"]
[WhiteElo "1713"]
[BlackElo "1909"]
[PlyCount "48"]
[EventDate "2016.11.05"]

1. e4 e6 2. d4 d5 3. exd5 exd5 4. Nf3 Bd6 5. c4 c6 6. Nc3 Qe7+ 7. Be2 Nf6 8.
O-O O-O 9. Bg5 Be6 10. cxd5 Bxd5 11. Nxd5 cxd5 12. Re1 Bb4 13. Nd2 Qd6 14. a3
Bxd2 15. Bxd2 Nc6 16. Be3 Rfe8 17. Bd3 Qe6 18. h3 Re7 19. Qf3 Ne4 20. Rad1 f5
21. b4 Rae8 22. b5 Nd8 23. Qh5 Qg6 24. Qxg6 hxg6 1/2-1/2

[Event "Deutschnofen - SK Ehrenburg"]
[Site "?"]
[Date "2017.01.28"]
[Round "6.6"]
[White "Gibitz, Othmar"]
[Black "Flatscher, Tobias"]
[Result "1-0"]
[WhiteElo "1710"]
[BlackElo "1750"]
[PlyCount "47"]
[EventDate "2016.11.05"]

1. e4 c5 2. Nf3 e6 3. d4 cxd4 4. Nxd4 Qb6 5. Be2 Bc5 6. c3 e5 7. b4 Bxb4 8. Nf5
Bf8 9. Na3 g6 10. Nc4 Qc7 11. Nfd6+ Bxd6 12. Qxd6 Na6 13. Ba3 Qxd6 14. Nxd6+
Kf8 15. Nxc8+ Kg7 16. Nd6 Nf6 17. f3 Nc7 18. Nxb7 d5 19. Bd6 Rac8 20. Bxe5 dxe4
21. Nd6 Rcd8 22. Nxe4 Ncd5 23. c4 Rhe8 24. Bb2 1-0

[Event "Steinegg - Naturns2"]
[Site "?"]
[Date "2017.01.28"]
[Round "6.4"]
[White "Pichler, Martin"]
[Black "Wielander, Wolfgang"]
[Result "1-0"]
[WhiteElo "1655"]
[BlackElo "1433"]
[PlyCount "81"]
[EventDate "2017.01.28"]

1. e4 c5 2. Nf3 d6 3. c3 e6 4. Bb5+ Bd7 5. Bxd7+ Nxd7 6. O-O Be7 7. d4 cxd4 8.
cxd4 Qc7 9. Nc3 a6 10. Re1 Ngf6 11. Bg5 h6 12. Bh4 Nb6 13. Rc1 Qd8 14. Qb3 O-O
15. Rc2 Re8 16. Rec1 d5 17. Bg3 dxe4 18. Nxe4 Nxe4 19. Bc7 Qd5 20. Qxb6 Rac8
21. Ne5 Bd6 22. a3 f6 23. Nf3 Kh7 24. h3 Re7 25. Bxd6 Rxc2 26. Rxc2 Qxd6 27.
Qb3 Rd7 28. Qd3 f5 29. Re2 e5 30. Rxe4 fxe4 31. Qxe4+ Kg8 32. dxe5 Qc7 33. Nh4
Qc1+ 34. Kh2 Rf7 35. Nf5 Qxb2 36. e6 Rf8 37. e7 Re8 38. Nxh6+ gxh6 39. Qg6+ Qg7
40. Qxe8+ Kh7 41. Qf8 1-0

[Event "Steinegg - Naturns2"]
[Site "?"]
[Date "2017.01.28"]
[Round "6.2"]
[White "Engl, Stefan"]
[Black "Illmer, Markus"]
[Result "1-0"]
[WhiteElo "2014"]
[BlackElo "1565"]
[PlyCount "83"]
[EventDate "2017.01.28"]

1. e4 c6 2. d4 d5 3. exd5 cxd5 4. Bf4 Nf6 5. c3 Nc6 6. Nd2 Bf5 7. Ngf3 e6 8.
Qb3 Qc8 9. Nh4 Be4 10. Nxe4 Nxe4 11. Nf3 Be7 12. h4 Bd6 13. Bxd6 Nxd6 14. Bd3
O-O 15. Qd1 f6 16. Rh3 Qe8 17. Kf1 Qf7 18. Qe2 Rae8 19. Re1 a6 20. h5 e5 21.
dxe5 Nxe5 22. Bb1 Nxf3 23. Qxf3 Nc4 24. Qd3 Rxe1+ 25. Kxe1 Re8+ 26. Kf1 f5 27.
b3 Qe7 28. Qxd5+ Kh8 29. Qd1 Rd8 30. Rd3 Rxd3 31. Qxd3 Nd6 32. g4 g6 33. hxg6
hxg6 34. gxf5 Nxf5 35. Qh3+ Kg7 36. Bxf5 gxf5 37. Qxf5 Qd6 38. Qg4+ Kf7 39.
Qf3+ Ke8 40. Qe4+ Kf7 41. Qxb7+ Kf6 42. Qf3+ 1-0

[Event "Klausen - Lana "]
[Site "?"]
[Date "2017.01.28"]
[Round "6.4"]
[White "Schrott, Karl"]
[Black "Kofler, Albin Ernst"]
[Result "1-0"]
[WhiteElo "1982"]
[BlackElo "1480"]
[PlyCount "32"]
[EventDate "2017.01.28"]

1. e4 b6 2. c4 Bb7 3. Nc3 e6 4. d4 Bb4 5. Bd3 Nf6 6. f3 Nxe4 7. fxe4 Bxe4 8.
Nf3 Bxd3 9. Qxd3 d5 10. O-O O-O 11. Bf4 c5 12. a3 Bxc3 13. bxc3 Nd7 14. cxd5
cxd4 15. Ng5 Nf6 16. Be5 Qxd5 1-0

[Event "Merania - Arci2"]
[Site "?"]
[Date "2017.01.28"]
[Round "6.3"]
[White "Scarabello, Graziano"]
[Black "Wild, Alexander"]
[Result "1-0"]
[WhiteElo "1497"]
[BlackElo "1637"]
[PlyCount "63"]
[EventDate "2017.01.28"]

1. Nf3 b6 2. e4 Bb7 3. Nc3 e6 4. d4 Bb4 5. Bd3 Nf6 6. Bg5 h6 7. Bxf6 Qxf6 8. a3
Bxc3+ 9. bxc3 d6 10. O-O Nd7 11. c4 g5 12. c3 c5 13. Bc2 g4 14. Ne1 h5 15. f4
O-O-O 16. e5 dxe5 17. fxe5 Qg7 18. Qe2 h4 19. Ba4 Ba6 20. Nc2 Qg5 21. Nb4 Bxc4
22. Nd3 f5 23. Bc6 Bxd3 24. Qxd3 Nb8 25. Ba4 f4 26. Qc4 Rd5 27. dxc5 bxc5 28.
Rab1 f3 29. Qb5 Qe3+ 30. Rf2 Qxe5 31. Qb7+ Kd8 32. Qxb8+ 1-0

[Event "Arci - Kaltern/Tramin"]
[Site "?"]
[Date "2017.02.11"]
[Round "7.3"]
[White "Waldner, Mirko"]
[Black "Reyna Hernandez, Sandor"]
[Result "1-0"]
[WhiteElo "1912"]
[BlackElo "1865"]
[PlyCount "125"]
[EventDate "2017.02.11"]

1. d4 d5 2. c4 c6 3. Nc3 Nf6 4. Nf3 a6 5. c5 Nbd7 6. h3 e5 7. dxe5 Ne4 8. Nxe4
dxe4 9. Ng5 Qa5+ 10. Bd2 Qxc5 11. e6 Ne5 12. Nxe4 Qd4 13. exf7+ Nxf7 14. Nc3
Be6 15. Qc2 O-O-O 16. e4 Bc5 17. Be3 Qe5 18. Bxc5 Qxc5 19. Be2 Qg5 20. g3 Ne5
21. Rd1 h5 22. h4 Qg6 23. O-O Bg4 24. Rxd8+ Rxd8 25. Rd1 Rf8 26. Nd5 Qe6 27.
Nf4 Qh6 28. Qc5 Rxf4 29. Qxe5 Rf8 30. Bxg4+ hxg4 31. Qe7 Qf6 32. Qd7+ Kb8 33.
Qd4 Kc8 34. Qxf6 Rxf6 35. Kf1 Re6 36. Rd4 Re5 37. b4 b6 38. Ke2 c5 39. bxc5
bxc5 40. Ra4 Kb7 41. Ke3 Kb6 42. Ra3 Re6 43. Rb3+ Kc7 44. Rb2 Kc6 45. Kf4 c4
46. e5 Kc5 47. Kf5 Re7 48. Ke4 c3 49. Rb8 Kc4 50. Rc8+ Kb4 51. Rc6 a5 52. e6
Ka3 53. Rxc3+ Kb2 54. Rc6 a4 55. Ra6 a3 56. Ke5 Rb7 57. Kd6 Kxa2 58. e7 Rb8 59.
Kc7 Rg8 60. Kd7 Kb2 61. e8=Q Rxe8 62. Kxe8 a2 63. Kf7 1-0

[Event "Arci - Kaltern/Tramin"]
[Site "?"]
[Date "2017.02.11"]
[Round "7.4"]
[White "D'Ambrosio, Luca"]
[Black "Bertagnolli, Gerhard"]
[Result "1/2-1/2"]
[WhiteElo "1731"]
[BlackElo "1867"]
[PlyCount "50"]
[EventDate "2017.02.11"]

1. d4 Nf6 2. Bg5 e6 3. e3 c5 4. Nf3 Be7 5. c4 cxd4 6. exd4 O-O 7. Be2 b6 8. O-O
Bb7 9. Nc3 d5 10. cxd5 Nxd5 11. Bxe7 Qxe7 12. Nxd5 Bxd5 13. Qa4 Nd7 14. Rac1
Nf6 15. Ne5 Rfc8 16. Bf3 Bxf3 17. Nxf3 Rc7 18. Rc6 Rac8 19. Rfc1 Rxc6 20. Rxc6
Rxc6 21. Qxc6 h6 22. Qc8+ Kh7 23. Qc2+ Kg8 24. Qc8+ Kh7 25. Qc2+ Kg8 1/2-1/2

[Event "Arci - Kaltern/Tramin"]
[Site "?"]
[Date "2017.02.11"]
[Round "7.6"]
[White "Paltrinieri, Mario"]
[Black "Comai, Samuele"]
[Result "1/2-1/2"]
[WhiteElo "1408"]
[BlackElo "1822"]
[PlyCount "64"]
[EventDate "2017.02.11"]

1. b3 e5 2. Bb2 d6 3. e3 Nf6 4. Ne2 Be7 5. f4 Nbd7 6. fxe5 Nxe5 7. Nf4 O-O 8.
Be2 Bg4 9. O-O Qd7 10. d3 Rae8 11. Nd2 Bd8 12. e4 c6 13. Nf3 Bb6+ 14. Kh1 Be3
15. Nxe5 dxe5 16. Nh5 Bxh5 17. Bxh5 Nxh5 18. Qxh5 Bd4 19. c3 Bb6 20. Rf3 Re6
21. Raf1 Bc5 22. c4 f6 23. Bxe5 Rxe5 24. Qh4 Qf7 25. Rg3 Rg5 26. Rgf3 Qg6 27.
g3 Bd6 28. Qh3 Qh5 29. Qe6+ Qf7 30. Qxd6 Re8 31. Rf4 Rge5 32. g4 h6 1/2-1/2

[Event "Arci - Kaltern/Tramin"]
[Site "?"]
[Date "2017.02.11"]
[Round "7.1"]
[White "Paltrinieri, Nicholas"]
[Black "Olivetti, Davide"]
[Result "1-0"]
[WhiteElo "2232"]
[BlackElo "2095"]
[PlyCount "129"]
[EventDate "2017.02.11"]

1. d4 d5 2. Bf4 Nf6 3. e3 c5 4. c3 Nc6 5. Nd2 e6 6. Ngf3 cxd4 7. exd4 Nh5 8.
Be3 Bd6 9. Ne5 Nf6 10. f4 O-O 11. Bd3 Qb6 12. Qb3 Qxb3 13. axb3 Nd7 14. b4 f6
15. Nxc6 bxc6 16. O-O e5 17. fxe5 fxe5 18. Rxf8+ Bxf8 19. dxe5 Nxe5 20. Ba6
Bxa6 21. Rxa6 Nd3 22. Rxc6 Nxb2 23. Ra6 Re8 24. Bxa7 Re1+ 25. Nf1 Nc4 26. Kf2
Rd1 27. Ra2 g6 28. Ke2 Rc1 29. Bd4 Bh6 30. Ra8+ Kf7 31. Ra7+ Ke6 32. Rxh7 Bf4
33. g3 Be5 34. Ne3 Bxd4 35. cxd4 Rb1 36. Nxc4 dxc4 37. Kd2 Kd5 38. Rd7+ Ke4 39.
Kc3 Rc1+ 40. Kb2 Rh1 41. Kc3 Rc1+ 42. Kd2 Rb1 43. b5 Rxb5 44. Kc3 Rh5 45. h4
Rh8 46. Rg7 Kf5 47. Kxc4 Rc8+ 48. Kd5 Rc3 49. g4+ Kf6 50. Rd7 Rh3 51. g5+ Kf5
52. Rf7+ Kg4 53. Rh7 Kf5 54. Kd6 Ra3 55. d5 Ra6+ 56. Kc5 Ra5+ 57. Kc6 Ra6+ 58.
Kb5 Ra1 59. d6 Ke6 60. d7 Rd1 61. Kc6 Rc1+ 62. Kb7 Rb1+ 63. Kc8 Rc1+ 64. Kd8
Kd6 65. Rg7 1-0